| 000 | 00965cab a22001935a 4500 | ||
|---|---|---|---|
| 001 | L148545 | ||
| 008 | 090930e20090925xxk f l 000 0 eng d | ||
| 035 | _a(Sirsi) u148545 | ||
| 041 | 0 | _aeng | |
| 100 | 1 | _aGordon, Warren | |
| 245 | 0 | 0 | _aAssociated agreements need clarity |
| 260 | _c2009 | ||
| 490 | 0 |
_aProperty Week _v75(39) 25 September 2009, 86-87(2) |
|
| 520 | _aHC had to determine in Mount Anvil Group and others v Volans Management and Lupus Associates, HC, 30 July 2009, whether a contract to purchase commercial property in London had ended because of the termination of associated agreements. M had three agreements with V for one transaction but rescinded one agreement when L failed to make a payment. Held: M had rescinded all three agreements having rescinded one agreement with L. | ||
| 590 | _aKA | ||
| 651 | 4 |
_aEngland and Wales _y1543- |
|
| 690 | _aPROPERTY-COMMERCIAL PROPERTY-ACQUISITION AND DISPOSAL OF COMMERCIAL PROPERTY | ||
| 942 | _n0 | ||
| 999 |
_c81880 _d81880 |
||